00000000nem##2200000za#4500
0019.549469
003CaOODSP
00520200326235339
007aj |a|||
008150406|2010||||xxc||||   a##f  |   fre|d
020 |a978-0-660-64658-9
022 |a1915-884X
040 |aCaOODSP|bfre
041 |aeng
041 |afre
043 |an-cn---
0861 |aM116-2/026C04
1101 |aCanada.|bRessources naturelles Canada. |bCentre d'information topographique.
24510|aSylvia Grinnell Lake, Nunavut |h[document cartographique]
250 |aÉd. 01, version 00
255 |aÉchelle 1:50,000
260 |aOttawa - Ontario : |bRessources naturelles Canada. |c2010.
300 |a1 feuille. : |bcarte en couleur ; |c72 cm.
4901 |aCartes topographiques du Canada |x1915-884X|v26-C/4
500 |aSérie A713. Comprend une légende.
590 |a10-18|b2010-05-07
7760#|tSylvia Grinnell Lake, Nunavut |w(CaOODSP)9.584117
791 |tSylvia Grinnell Lake, Nunavut |eeng|w(CaOODSP)9.549468
830#0|aCartes topographiques du Canada,|x1915-884X|v26-C/4|w(CaOODSP)9.511451